Concepts and methods of social works / (Record no. 123004)
[ view plain ]
| 000 -LEADER | |
|---|---|
| fixed length control field | 00735nam a22002537a 4500 |
| 005 - DATE AND TIME OF LATEST TRANSACTION | |
| control field | 20170124105919.0 |
| 010 ## - LIBRARY OF CONGRESS CONTROL NUMBER | |
| LC control number | 925472 |
| 020 ## - INTERNATIONAL STANDARD BOOK NUMBER | |
| Terms of availability | 19.00 |
| 035 ## - SYSTEM CONTROL NUMBER | |
| System control number | 925472 |
| 037 ## - SOURCE OF ACQUISITION | |
| Source of stock number/acquisition | Cen Lib/Ret |
| 040 ## - CATALOGING SOURCE | |
| Original cataloging agency | DPL |
| Language of cataloging | EN |
| 082 ## - DEWEY DECIMAL CLASSIFICATION NUMBER | |
| Classification number | 361 |
| Item number | CON |
| 245 ## - TITLE STATEMENT | |
| Title | Concepts and methods of social works / |
| Statement of responsibility, etc | edited by Walter A. Friedlandr |
| 246 ## - VARYING FORM OF TITLE | |
| Remainder of title | |
| 250 ## - EDITION STATEMENT | |
| Edition statement | 2nd ed. |
| 260 ## - PUBLICATION, DISTRIBUTION, ETC. (IMPRINT) | |
| Name of publisher, distributor, etc | Printice Hall of India |
| Place of publication, distribution, etc | New Delhi |
| 270 ## - ADDRESS | |
| City | New Delhi |
| Postal code | 110001 |
| 300 ## - PHYSICAL DESCRIPTION | |
| Extent | x, 243p. |
| Dimensions | 20cm(Hb) |
| 500 ## - GENERAL NOTE | |
| General note | Includes bibliographical references and index |
| 650 ## - SUBJECT ADDED ENTRY--TOPICAL TERM | |
| Topical term or geographic name as entry element | Social Sciences |
| 9 (RLIN) | 108340 |
| 650 ## - SUBJECT ADDED ENTRY--TOPICAL TERM | |
| Topical term or geographic name as entry element | Planning & Developments |
| 9 (RLIN) | 3596 |
| 700 ## - ADDED ENTRY--PERSONAL NAME | |
| Personal name | Friedlander, Walter A. |
| 9 (RLIN) | 108341 |
| 942 ## - ADDED ENTRY ELEMENTS (KOHA) | |
| Source of classification or shelving scheme | Dewey Decimal Classification |
| Koha item type | English Books |
| Classification part | 361 |
| Call number suffix | CON |
| Withdrawn status | Lost status | Damaged status | Not for loan | Home library | Current library | Date acquired | Source of acquisition | Cost, normal purchase price | Total Checkouts | Full call number | Barcode | Date last seen | Copy number | Cost, replacement price | Price effective from | Koha item type |
|---|---|---|---|---|---|---|---|---|---|---|---|---|---|---|---|---|
| Central Library | Central Library | 01/06/2015 | Cen Lib/Ret | 19.00 | 361 CON | 925472 | 01/06/2015 | 1 | 19.00 | 01/06/2015 | English Books |
